<?xml version="1.0" encoding="UTF-8"?>
<record
    xmlns:xsi="http://www.w3.org/2001/XMLSchema-instance"
    xsi:schemaLocation="http://www.loc.gov/MARC21/slim http://www.loc.gov/standards/marcxml/schema/MARC21slim.xsd"
    xmlns="http://www.loc.gov/MARC21/slim">

  <leader>008410am a2200241 004500</leader>
  <controlfield tag="003">EG-GiCUC</controlfield>
  <controlfield tag="008">080405m18899999le     g d    000 0 ara d</controlfield>
  <datafield tag="040" ind1=" " ind2=" ">
    <subfield code="a">EG-GiCUC</subfield>
    <subfield code="b">ara</subfield>
    <subfield code="c">EG-GiCUC</subfield>
  </datafield>
  <datafield tag="050" ind1=" " ind2="4">
    <subfield code="a">PJ6611.</subfield>
    <subfield code="b">L3 1889</subfield>
  </datafield>
  <datafield tag="092" ind1="0" ind2="4">
    <subfield code="a">413.1</subfield>
    <subfield code="b">L232</subfield>
    <subfield code="2">21</subfield>
  </datafield>
  <datafield tag="099" ind1=" " ind2=" ">
    <subfield code="a">04</subfield>
    <subfield code="a">413.1 L232</subfield>
  </datafield>
  <datafield tag="100" ind1="1" ind2=" ">
    <subfield code="a">&#x644;&#x627;&#x645;&#x646;&#x633; : &#x647;&#x646;&#x631;&#x64A; : </subfield>
    <subfield code="d">1862-1937</subfield>
  </datafield>
  <datafield tag="245" ind1="1" ind2="0">
    <subfield code="a">&#x641;&#x631;&#x627;&#x626;&#x62F; &#x627;&#x644;&#x644;&#x63A;&#x629; / </subfield>
    <subfield code="c">&#x62A;&#x627;&#x644;&#x64A;&#x641; &#x647;&#x646;&#x631;&#x64A;&#x643;&#x648;&#x633; &#x644;&#x627;&#x645;&#x646;&#x633; &#x627;&#x644;&#x64A;&#x633;&#x648;&#x639;&#x649;</subfield>
  </datafield>
  <datafield tag="260" ind1=" " ind2=" ">
    <subfield code="a">&#x628;&#x64A;&#x631;&#x648;&#x62A; : </subfield>
    <subfield code="b">&#x627;&#x644;&#x645;&#x637;&#x628;&#x639;&#x629; &#x627;&#x644;&#x643;&#x627;&#x62B;&#x648;&#x644;&#x64A;&#x643;&#x64A;&#x629; &#x644;&#x644;&#x627;&#x628;&#x627;&#x621; &#x627;&#x644;&#x64A;&#x633;&#x648;&#x639;&#x64A;&#x64A;&#x646; : </subfield>
    <subfield code="c">1889-</subfield>
  </datafield>
  <datafield tag="300" ind1=" " ind2=" ">
    <subfield code="a">&#x645;&#x62C; &#x61B; </subfield>
    <subfield code="c">18&#x633;&#x645;</subfield>
  </datafield>
  <datafield tag="505" ind1="0" ind2=" ">
    <subfield code="a">&#x62C;1.&#x641;&#x649; &#x627;&#x644;&#x641;&#x631;&#x648;&#x642;</subfield>
  </datafield>
  <datafield tag="590" ind1=" " ind2=" ">
    <subfield code="a">&#x627;&#x644;&#x645;&#x643;&#x62A;&#x628;&#x629; &#x62A;&#x642;&#x62A;&#x646;&#x649; &#x641;&#x642;&#x637; &#x627;&#x644;&#x645;&#x62C;&#x644;&#x62F; &#x627;&#x644;&#x627;&#x648;&#x644;</subfield>
  </datafield>
  <datafield tag="650" ind1=" " ind2="7">
    <subfield code="a">&#x627;&#x644;&#x644;&#x63A;&#x629; &#x627;&#x644;&#x639;&#x631;&#x628;&#x64A;&#x629;</subfield>
    <subfield code="v">&#x645;&#x639;&#x627;&#x62C;&#x645;</subfield>
    <subfield code="2">qrmak</subfield>
  </datafield>
  <datafield tag="902" ind1=" " ind2=" ">
    <subfield code="a">1</subfield>
  </datafield>
  <datafield tag="905" ind1=" " ind2=" ">
    <subfield code="a">&#x62C;&#x64A;&#x647;&#x627;&#x646;</subfield>
    <subfield code="e">&#x645;&#x631;&#x627;&#x62C;&#x639;</subfield>
  </datafield>
  <datafield tag="905" ind1=" " ind2=" ">
    <subfield code="a">&#x631;&#x636;&#x627;</subfield>
    <subfield code="e">&#x645;&#x62F;&#x62E;&#x644;</subfield>
  </datafield>
  <datafield tag="942" ind1=" " ind2=" ">
    <subfield code="2">ddc</subfield>
    <subfield code="c">BK</subfield>
  </datafield>
  <datafield tag="999" ind1=" " ind2=" ">
    <subfield code="c">98601</subfield>
    <subfield code="d">98601</subfield>
  </datafield>
  <datafield tag="952" ind1=" " ind2=" ">
    <subfield code="2">ddc</subfield>
    <subfield code="7">0</subfield>
    <subfield code="a">CUCL</subfield>
    <subfield code="b">CUCL</subfield>
    <subfield code="d">2024-02-11</subfield>
    <subfield code="o">413.1 L232 v.1 Ref C.1</subfield>
    <subfield code="p">01000100014023001</subfield>
    <subfield code="r">2023-09-23 00:00:00</subfield>
    <subfield code="y">BK</subfield>
  </datafield>
</record>
